Vista normal Vista MARC

Entrada Personal Name

Número de registros utilizados en: 1

001 - CONTROL NUMBER

  • control field: 66234

003 - CONTROL NUMBER IDENTIFIER

  • control field: OSt

005 - DATE AND TIME OF LATEST TRANSACTION

  • control field: 20251027205255.0

008 - FIXED-LENGTH DATA ELEMENTS

  • fixed length control field: 251027|| aca||aabn | a|a d

040 ## - CATALOGING SOURCE

  • Original cataloging agency: OSt
  • Transcribing agency: OSt

100 ## - HEADING--PERSONAL NAME

  • Personal name: Gombrich, E. H.,
  • Dates associated with a name: 1909-2004

670 ## - SOURCE DATA FOUND

  • Source citation: Work cat.: (OSt)59653: Gombrich, E. H., 1909-2004, La historia del arte /









Instituto Departamental de Cultura del Meta - Red Departamental de Bibliotecas Públicas del Meta.